Datum a čas kvízu
30.5
Celkem bodů
Celkový počet nahraných bodů na tomto kvízu bez doplňovacích otázek.
5.
Pořadí na kvízu
Konečné umístění týmu na tomto kvízu.
Zaznamenané odpovědi
| # | Otázka | Odpověď | Body | Výsledky |
|---|---|---|---|---|
| 1. | V noci ze soboty na neděli něk... | Hurvínka, soše urval hlavu | 1 | |
| 2. | Papež František přijal v pátek... | Sylvester Stallone | 1 | |
| 3. | 23 dní před letošním vyhlášení... | Daniela Kolářová | 0 | |
| 4. | Česká národní banka minulý týd... | posílat peníze na telefonní číslo | 0 | |
| 5. | Ve středu byl vyřazen z letošn... | Karviná | 0 | |
| 6. | Podle některých statistik obýv... | mamba | 1 | |
| 7. | Mezi člověku velmi nebezpečná... | A | 0 | |
| 8. | Sloni afričtí každoročně zabij... | Zoo Dvůr Králové a Zoo Zlín (Lešná) | 0.5 | |
| 9. | Nebezpečným zvířetem, s nímž s... | medvěd kodiak | 0 | |
| 10. | Jedním z nejnebezpečnějších ve... | 4 prsty | 1 |